000 01022cam a2200157 4500500
005 20260405014856.0
041 _afre
042 _adc
100 1 0 _aLaude, Anne
_eauthor
700 1 0 _aMathieu, Bertrand
_eauthor
700 1 0 _aTabuteau, Didier
_eauthor
245 0 0 _aDroit de la santé
260 _bPresses Universitaires de France,
_c2012.
520 _aUn manuel complet sur ce vaste sujet qu’est le droit de la santé dont les règles s’inscrivent entre droit public et droit privé. Droit mixte donc, ce droit emprunte aux disciplines fondamentales du droit certains des principes qui le structurent, mais il est aussi riche de règles spécifiques, parfois dérogatoires, obéissant à une logique propre aux questions sanitaires. Le droit à la santé est aussi un droit particulier parce qu’il se rapporte à l’individu en tant que personne et à l’organisation sociale générale.
856 4 1 _uhttps://droit.cairn.info/droit-de-la-sante--9782130593294?lang=fr&redirect-ssocas=7080
999 _c2116543
_d2116543